Home Furniture 2nd Edn (Record no. 922001)

MARC details
000 -LEADER
fixed length control field 00282nam a2200109Ia 4500
008 - FIXED-LENGTH DATA ELEMENTS--GENERAL INFORMATION
fixed length control field 231107s1967 xx 000 0 und d
041 ## - LANGUAGE CODE
Language code of text/sound track or separate title eng
082 ## - DEWEY DECIMAL CLASSIFICATION NUMBER
Classification number 747.0
100 ## - MAIN ENTRY--PERSONAL NAME
Personal name Rutt,Anna Hong
245 ## - TITLE STATEMENT
Title Home Furniture 2nd Edn
260 ## - PUBLICATION, DISTRIBUTION, ETC.
Place of publication, distribution, etc. New Delhi
Name of publisher, distributor, etc. Wiley Eastern Private Ltd.
Date of publication, distribution, etc. 1967

No items available.